Ποίηση : (1951 - 1986)

Αποθηκεύτηκε σε:
Λεπτομέρειες βιβλιογραφικής εγγραφής
Κύριος συγγραφέας: Κρανιδιώτης, Νίκος, 1911-1997
Μορφή: Βιβλίο
Γλώσσα:Greek
Δημοσίευση: Λευκωσία : Πολιτιστικό Ιδρυμα Τραπέζης Κύπρου, Ικαρος, 1988
Θέματα:
Ετικέτες: Προσθήκη ετικέτας
Δεν υπάρχουν, Καταχωρήστε ετικέτα πρώτοι!

MARC

LEADER 00000nam a2200000 i 4500
001 1/82312
008 970306s1988 gre d
020 |a 9963-42-013-3 
035 |a 1992  |b 3  |c Δωρεά  |l 10033913 
040 |a GR-MY-UA  |b gre  |e aacr 
041 0 |a gre 
082 0 |a 889.14 
100 1 |a Κρανιδιώτης, Νίκος,   |d 1911-1997. 
245 1 0 |a Ποίηση :  |b (1951 - 1986) /  |c Νίκος Κρανιδιώτης 
260 |a Λευκωσία :   |b Πολιτιστικό Ιδρυμα Τραπέζης Κύπρου,   |b Ικαρος,   |c 1988 
300 |a 370 σ. 
650 0 0 |a Cyprian poetry. 
852 |a INST  |b RHODES  |e 19970306  |h 889.14 ΚΡΑ  |p 005400000252  |q 005400000252  |t BK  |y 0 
909 |a Ρ  |b 022286  |c 1992 
970 |z 2000/06/ΟΙΚΟΝΟΜΟΠΟΥΛΟΥ (SUBJECT)